000 00673nam a2200205Ia 4500
003 GCL
008 140319s9999 xx 000 0 ara d
020 _a6614700977
040 _aGCL /
_cGCL
082 0 4 _a001.5
_bج ا
100 1 _aجيهان احمد رشتى
245 1 0 _aالاسس العلمية لنظريات الاعلام /
_cجيهان احمد رشتى
260 _aالقاهرة :
_bدار النهضة العربية ،
_c1993
300 _a670 ص ؛
_c24 سم
650 0 4 _aالثقافة الجماهيرية
650 0 4 _aالاعلام
650 0 4 _aوسائل الاعلام
650 0 4 _aالاتصال الجماهيرى
942 _2ddc
_cBK
999 _c33282
_d33282